000 00750nam a22002057a 4500
003 SEM
005 20220608074015.0
008 180115b xxu||||| |||| 00| 0 eng d
040 _aՍԷՄ
_cՍԷՄ
041 0 _aeng.
082 _a228(084.1)/M-47
100 1 _aMeer Frederick van der
245 1 0 _aApocalypse.
_bVisions from the Book of Revelation in Western Art with 228 illustrations, 82 in colour. /
_cF. van der Meer
250 _bRev. IV:I
260 _aLondon:
_b«Thames and Hudson»,
_c1978.
300 _a367 p.;
_bill.;
_c33 cm.
504 _aGlossary p.: 347-352; Checklist of works of art inspired by the Apocalypse p.: 353-363; List of ill. p.: 364-367.
650 _aBook of Revelation
_vIllustrations
_xWestern art
942 _2udc
_cBK
999 _c67855
_d67855